000 00662nam a2200193Ia 4500
005 20250508153424.0
008 008 250505s9999 xx 000 0 eng d
037 _aTextual
040 _aFEDL
_beng
_cFEDL
041 _aeng
_2eng
084 _a371.9, UNI
_qFEDL
245 0 _aStatistics of special education for exceptional children 1952-53
245 0 _cU S Department of Health, Education and Welfare
260 _aWashington, USA
_bU.S. Government Printing Office
_c1960
300 _avi,78p
546 _aBiennial survey of education in the United States, 1952-54, chapter 5
942 _cTEXL
_h371.9, UNI
999 _c1342756
_d1342756